| 000 | 00844cam a22002533a 4500 | ||
|---|---|---|---|
| 001 | 19288 | ||
| 003 | PGUSA | ||
| 005 | 20140828083417.0 | ||
| 008 | 060915s2006||||xxu|||||s|||||000 p eng d | ||
| 040 |
_aPGUSA _beng |
||
| 042 | _adc | ||
| 050 | 4 | _aPS | |
| 100 | 1 |
_aTownsend, George Alfred, _d1841-1914 |
|
| 245 | 1 | 0 |
_aBohemian Days : _bThree American Tales _h[electronic resource] / _cGeorge Alfred Townsend |
| 260 |
_bProject Gutenberg, _c2006 |
||
| 505 | 0 | _aShort novels: The rebel colony in Paris. Married abroad. The deaf man of Kensington -- Chords: Bohemia. Little Grisette. The pigeon girl. The dead Bohemian. | |
| 506 | _aPublic domain in the USA. | ||
| 516 | _aElectronic text | ||
| 653 | _aPoetry | ||
| 653 | _aFiction | ||
| 830 | 0 |
_aProject Gutenberg _v19288 |
|
| 856 | 4 | 0 | _uhttp://www.gutenberg.org/ebooks/19288 |
| 942 | _cEB | ||
| 999 |
_c248543 _d248543 |
||